000 00714nam a2200289Ia 4500
005 20260324112323.0
008 008 260324s9999 xx 000 0 eng d
020 _a9781003520740
037 _aEBOOK
040 _aCRL
040 _beng
040 _cCRL
041 _2eng
041 _aeng
084 _qCRL
100 _a Rodrigo Barahona
_91142207
245 0 _aNegative Hallucinosis in Wilfred Bion’s Theory of Transformations
245 0 _bOn Finding One’s Ghost
260 _bTaylor and Francis
260 _c2024
365 _a
365 _b205
856 _uhttp://www.taylorfrancis.com/books/9781003520740
942 _cEBOOK
999 _c1731367
_d1731367